Boston Celtics 2020's Starters - Statistics

General Stats
  • This quiz has been taken 1,162 times
    116 since last reset
  • The average score is 11 of 15
Answer Stats
Player Starts % Correct
Jaylen Brown 7
100%
Jayson Tatum 6
100%
Derrick White 4
96%
Kristaps Porziņģis 2
96%
Al Horford 2
95%
Jrue Holiday 2
90%
Payton Pritchard 1
81%
Marcus Smart 3
76%
Neemias Queta 1
67%
Robert Williams 1
65%
Kemba Walker 2
64%
Sam Hauser 1
56%
Daniel Theis 1
36%
Gordon Hayward 1
32%
Tristan Thompson 1
28%
No matching quizzes found
Score Distribution
Percent of People with Each Score
Percentile by Number Answered
Your Score History
You have not taken this quiz since the last reset